logo

Bir Sreshtho Munshi Abdur Rouf Library
Jhenaidah Cadet College

মার্টিন লুথার কিং: সচিত্র জীবনালেখ্য / (Record no. 9368)

MARC details
000 -LEADER
fixed length control field 00795nam a22002297a 4500
001 - CONTROL NUMBER
JCCL Control Number 9368
003 - CONTROL NUMBER IDENTIFIER
JCCL marc code OSt
005 - DATE AND TIME OF LATEST TRANSACTION
control field 20221013134022.0
008 - FIXED-LENGTH DATA ELEMENTS--GENERAL INFORMATION
fixed length control field 180313b xxu||||| |||| 00| 0 eng d
035 ## - SYSTEM CONTROL NUMBER
system control number (BD-JhCC)9368
040 ## - CATALOGING SOURCE
Original cataloging agency BD-JhCC
Modifying agency BD-JhCC
041 ## - LANGUAGE CODE
Language code of Book ben
082 ## - DEWEY DECIMAL CLASSIFICATION NUMBER
Classification number 923.673
Author mark and Year LER 1964
100 ## - MAIN ENTRY--PERSONAL NAME
Personal name বেনেট, লেরোন
245 ## - TITLE STATEMENT
Title মার্টিন লুথার কিং: সচিত্র জীবনালেখ্য /
Statement of responsibility, etc লেরোন বেনেট, অধ্যাপক রফিকউদ্দিন আহমদ (অনু.)
260 ## - PUBLICATION, DISTRIBUTION, ETC. (IMPRINT)
Place of publication, distribution, etc ঢাকা:
Date of publication, distribution, etc 1964.
300 ## - PHYSICAL DESCRIPTION
Pagination 304 p. :
Dimensions 24 cm.
650 ## - SUBJECT ADDED ENTRY--TOPICAL TERM
Topical term or geographic name as entry element Biography
700 ## - ADDED ENTRY--PERSONAL NAME
Personal name আহমদ, অধ্যাপক রফিকউদ্দিন
942 ## - ADDED ENTRY ELEMENTS (KOHA)
Source of classification or shelving scheme Dewey Decimal Classification
Koha item type Books
Koha issues (borrowed), all copies 1
Holdings
Source of classification or shelving scheme Damaged status Not for loan Home library Current library Shelving location Date of accession Total Checkouts Full call number Barcode Date last seen Date checked out Copy number Koha item type
Dewey Decimal Classification     JCC Rouf Library JCC Rouf Library General Stacks 03/13/2018 1 923.673 LER 1964 12235 10/19/2022 10/12/2022 C-1 Books

JCC Library | Contacts | JCC Home

Last Update on 23 September 2017
Copyright @ 2017-2020 JCC Rouf Library
Rouf Library, Jhenidah Cadet College (JCC), Bangladesh